[Event "ch-FRA Blitz Online Qual"]
[Site "Europe-Chess INT"]
[Date "2020.05.16"]
[Round "2"]
[White "Guadalpi, David"]
[Black "Bakouri, Abdelmajid"]
[Result "1-0"]
[WhiteTitle "FM"]
[WhiteElo "2272"]
[BlackElo "1871"]
[WhiteFideId "603244"]
[BlackFideId "7901682"]
[EventDate "2020.05.16"]

1. e4 g6 2. d4 Bg7 3. Nc3 d6 4. Be3 Nf6 5. Nf3 Bg4 6. Be2 Nbd7 7. O-O O-O 8. h3
Bxf3 9. Bxf3 e5 10. Qd2 Nh5 11. Rad1 exd4 12. Bxd4 Bxd4 13. Qxd4 Qh4 14. Nd5
Rac8 15. Bg4 Rfd8 16. Bxh5 gxh5 17. Qe3 c6 18. Qf4 Qxf4 19. Nxf4 Nf6 20. f3 Kg7
21. Rd3 Kh6 22. Rfd1 Ne8 23. Kf2 Kg5 24. Ne2 Nf6 25. Rxd6 Rxd6 26. Rxd6 h4 27.
f4+ Kg6 28. e5 1-0

[Event "ch-FRA Blitz Online Qual"]
[Site "Europe-Chess INT"]
[Date "2020.05.16"]
[Round "2"]
[White "Auder, Benjamin"]
[Black "Guezennec, Franck"]
[Result "0-1"]
[WhiteElo "1934"]
[BlackElo "2272"]
[WhiteFideId "635065"]
[BlackFideId "633550"]
[EventDate "2020.05.16"]

1. c4 c5 2. Nc3 Nc6 3. g3 g6 4. Bg2 Bg7 5. e3 Bxc3 6. bxc3 Qc7 7. Ne2 b6 8. O-O
Bb7 9. d3 d6 10. e4 e6 11. f4 Nge7 12. Be3 O-O-O 13. Bh3 f5 14. g4 Kb8 15. exf5
exf5 16. Ng3 fxg4 17. Bxg4 h5 18. Bf3 h4 19. Ne4 Nf5 20. Bd2 h3 21. Kh1 Nh4 22.
Bg4 Na5 23. Qe2 Rde8 24. Bxh3 Nxc4 25. Bc1 Nf5 26. Bxf5 gxf5 0-1

[Event "ch-FRA Blitz Online Qual"]
[Site "Europe-Chess INT"]
[Date "2020.05.16"]
[Round "2"]
[White "Materia, Marco"]
[Black "Afraoui, Solenn"]
[Result "1-0"]
[WhiteTitle "FM"]
[WhiteElo "2269"]
[BlackElo "1889"]
[WhiteFideId "45150451"]
[BlackFideId "625167"]
[EventDate "2020.05.16"]

1. d4 f5 2. c4 Nf6 3. Nc3 d6 4. Nf3 g6 5. e3 Bg7 6. Be2 O-O 7. O-O c6 8. Qc2 Na6
9. a3 Nc7 10. b4 Qe8 11. c5 Ncd5 12. Bd2 Kh8 13. Rab1 Nxc3 14. Bxc3 Ne4 15. Ba1
Be6 16. Rfc1 Bg8 17. b5 d5 18. Qa4 f4 19. bxc6 bxc6 20. Ba6 fxe3 21. fxe3 Bh6
22. Rb3 Rb8 23. Re1 Rxb3 24. Qxb3 Qd7 25. Ne5 Qf5 26. Rf1 Qh5 27. Rxf8 Bxf8 28.
Nxc6 Qh4 29. g3 Nxg3 30. hxg3 Qxg3+ 31. Kf1 Qf3+ 32. Ke1 Bh6 33. Ne5 Qg3+ 34.
Ke2 Qg2+ 35. Ke1 Bg5 36. Qd3 Bh4+ 37. Kd1 Qg1+ 38. Qf1 Qg5 39. c6 Qxe3 40. c7
Qb3+ 41. Kc1 Qxa3+ 42. Bb2 Qe3+ 43. Kb1 Qe4+ 44. Bd3 1-0

[Event "ch-FRA Blitz Online Qual"]
[Site "Europe-Chess INT"]
[Date "2020.05.16"]
[Round "2"]
[White "Muminova, Nafisa"]
[Black "Louvrier Saint-Mary, Jean-Roger"]
[Result "1-0"]
[WhiteTitle "WGM"]
[WhiteElo "2274"]
[BlackElo "1780"]
[WhiteFideId "14201526"]
[BlackFideId "618349"]
[EventDate "2020.05.16"]

1. e4 c5 2. Nf3 e6 3. d4 cxd4 4. Nxd4 a6 5. Bd3 Qc7 6. Be3 Nf6 7. Nd2 h5 8. f3
b5 9. Qe2 Bb7 10. O-O-O Nc6 11. Nxc6 Qxc6 12. Nb3 Qc7 13. Kb1 Rc8 14. h3 Bd6 15.
g4 h4 16. Rhf1 O-O 17. Bg5 Bg3 18. f4 Nh7 19. Nd4 Nxg5 20. fxg5 g6 21. Qe3 Be5
22. Nf3 Bg3 23. Nd4 Be5 24. Ne2 a5 25. Qf2 Kg7 26. Qxh4 Rh8 27. Qf2 b4 28. Qxf7# 1-0

[Event "ch-FRA Blitz Online Qual"]
[Site "Europe-Chess INT"]
[Date "2020.05.16"]
[Round "2"]
[White "Martinez, Felicien"]
[Black "Louistisserand, Patrick"]
[Result "1-0"]
[BlackTitle "FM"]
[WhiteElo "1867"]
[BlackElo "2245"]
[WhiteFideId "45141207"]
[BlackFideId "635049"]
[EventDate "2020.05.16"]

1. c4 Nf6 2. g3 c5 3. Bg2 e6 4. Nf3 b6 5. O-O Bb7 6. d3 Be7 7. b3 O-O 8. Bb2 d6
9. e4 Nbd7 10. Nbd2 a6 11. Ne1 b5 12. f4 Qc7 13. f5 Ne5 14. Qe2 Nfd7 15. Nef3
Bf6 16. Nxe5 Bxe5 17. Bxe5 Nxe5 18. f6 gxf6 19. Rxf6 Kh8 20. Raf1 Rg8 21. Nf3
Ng4 22. Rf4 Rg7 23. h3 Ne5 24. Ng5 Rxg5 25. Rh4 Rag8 26. Qf2 Qe7 27. g4 R8g7 28.
d4 cxd4 29. Qxd4 bxc4 30. bxc4 Qc7 31. Rb1 Rg8 32. Qa7 Rb8 33. Rh6 Kg7 34. Rh4
Rg6 35. Qd4 Qc5 36. Qxc5 dxc5 37. Rh5 h6 38. Rxe5 Rf6 39. Rxc5 Rf4 40. Rc7 Bxe4
41. Rxb8 Bd3 42. Rbb7 a5 43. c5 Bg6 44. c6 Ra4 45. Rb2 Rc4 46. Ra7 a4 47. c7
Rc1+ 48. Kh2 a3 49. Rd2 Rc3 50. Rd8 h5 51. c8=Q 1-0

[Event "ch-FRA Blitz Online Qual"]
[Site "Europe-Chess INT"]
[Date "2020.05.16"]
[Round "2"]
[White "Gatineau, Yovann"]
[Black "Martinez Martinez, Mateo"]
[Result "1-0"]
[WhiteTitle "FM"]
[WhiteElo "2423"]
[BlackElo "1917"]
[WhiteFideId "26028999"]
[BlackFideId "36055140"]
[EventDate "2020.05.16"]

1. Nf3 c5 2. c4 Nc6 3. b3 g6 4. Bb2 Nf6 5. g3 Bg7 6. Bg2 O-O 7. O-O d6 8. d4
cxd4 9. Nxd4 Bd7 10. Nc3 Nxd4 11. Qxd4 Bc6 12. Nd5 e5 13. Qd2 Nxd5 14. Bxd5 Bxd5
15. Qxd5 Qc7 16. Rfd1 Rfd8 17. Ba3 Bf8 18. Rac1 b6 19. h4 Rac8 20. h5 Qc6 21.
Kg2 Kg7 22. Bb2 Qxd5+ 23. Rxd5 f5 24. Rcd1 Kf7 25. hxg6+ hxg6 26. Bxe5 Re8 27.
Bxd6 Bxd6 28. Rxd6 Rxe2 29. Rd7+ Re7 30. Kf3 Re8 31. Rxe7+ Rxe7 32. Rd2 Kf6 33.
Rc2 Rc7 34. g4 Ke5 35. gxf5 gxf5 36. Ke3 f4+ 37. Kd3 Rd7+ 38. Kc3 Ke4 39. Kb4
Kf3 40. Kb5 Re7 41. b4 Re2 42. Rxe2 Kxe2 43. c5 bxc5 44. bxc5 Kxf2 45. c6 Kg2
46. c7 f3 47. c8=Q f2 48. Qg4+ Kh1 49. Qf3+ Kg1 50. Qg3+ Kf1 51. Kc4 Ke2 52.
Qg4+ Ke1 53. Qe4+ Kd1 54. Qf3+ Ke1 55. Qe3+ Kf1 56. Kd3 Kg2 57. Qe4+ Kg1 58.
Qg4+ Kh2 59. Qf3 Kg1 60. Qg3+ Kh1 61. Qxf2 a5 62. Ke3 a4 63. Kf3 a3 64. Qg2# 1-0

[Event "ch-FRA Blitz Online Qual"]
[Site "Europe-Chess INT"]
[Date "2020.05.16"]
[Round "2"]
[White "Lebrun, Elias"]
[Black "Boyer, Mahel"]
[Result "0-1"]
[BlackTitle "FM"]
[WhiteElo "1880"]
[BlackElo "2294"]
[WhiteFideId "26073110"]
[BlackFideId "45102422"]
[EventDate "2020.05.16"]

1. d4 Nf6 2. c4 c5 3. d5 e6 4. Nc3 exd5 5. cxd5 d6 6. e4 g6 7. f4 Bg7 8. Bb5+
Nfd7 9. a4 O-O 10. Nf3 Na6 11. O-O Nb4 12. Bd2 a6 13. Be2 Re8 14. Re1 f5 15.
exf5 gxf5 16. Bc4 Nb6 17. Bf1 Rxe1 18. Bxe1 Qe7 19. Bd2 h6 20. h3 Bd7 21. a5 Nc8
22. Qe1 Nc2 23. Qxe7 Nxe7 24. Rc1 Nb4 25. Re1 Kf8 26. Nh4 Nexd5 27. Nxd5 Nxd5
28. Bc4 Bd4+ 29. Kh1 Bf2 30. Ng6+ Kg7 31. Re2 Kxg6 32. Rxf2 Nf6 33. Bc3 Ne4 34.
Rf3 Bc6 35. Re3 d5 36. Bd3 d4 37. Bxe4 dxe3 38. Bxc6 bxc6 39. Kg1 Re8 40. Kf1 c4
41. Ke2 Re4 42. g3 h5 43. Be5 Kf7 44. Bc3 Ke6 45. Be5 Kd5 46. Bc3 h4 47. gxh4
Rxf4 48. Kxe3 Rxh4 49. Kf3 Rxh3+ 50. Kg2 Rxc3 51. bxc3 Ke4 52. Kg3 Kd3 53. Kf4
Kxc3 54. Kxf5 Kb2 55. Ke4 c3 56. Kd4 c2 57. Kc5 c1=Q+ 58. Kb6 Qf1 59. Kxc6 Qb5+
60. Kc7 Ka3 61. Kc8 Ka4 62. Kc7 Kxa5 63. Kc8 Kb4 64. Kc7 Kc3 65. Kd6 a5 66. Ke6
a4 67. Kd6 a3 68. Kc7 a2 69. Kd6 a1=Q 70. Kc7 Qaa6 71. Kd8 Qbb7 72. Ke8 Qaa8# 0-1

[Event "ch-FRA Blitz Online Qual"]
[Site "Europe-Chess INT"]
[Date "2020.05.16"]
[Round "2"]
[White "Saya, Ethan"]
[Black "Leccia, Antoine"]
[Result "0-1"]
[WhiteElo "2199"]
[BlackElo "1950"]
[WhiteFideId "26095181"]
[BlackFideId "36087262"]
[EventDate "2020.05.16"]

1. e4 e5 2. Nf3 Nc6 3. Bc4 Nf6 4. d3 h6 5. c3 g5 6. h3 Bg7 7. Nbd2 O-O 8. Nf1 d5
9. exd5 Nxd5 10. a4 Na5 11. Ba2 Nf4 12. Bxf4 exf4 13. N1h2 Re8+ 14. Kf1 Bf5 15.
d4 Be6 16. Bxe6 Rxe6 17. Ng4 Qd5 18. Kg1 Rae8 19. Kh2 Nc6 20. Qd3 f5 21. c4 Qe4
22. Nge5 Nxe5 23. Qxe4 fxe4 24. Nxe5 Bxe5 25. dxe5 Rxe5 26. Rad1 R8e7 27. b4 a5
28. b5 Rc5 29. Rd4 Kf7 30. Re1 Rce5 31. Kg1 Kf6 32. Kf1 Kf5 33. Red1 e3 34. fxe3
fxe3 35. Ke2 Re4 36. Rf1+ Rf4 37. Rd3 Rxf1 38. Kxf1 e2+ 39. Ke1 Kf4 40. Rf3+ Ke4
41. Kxe2 Kd4+ 42. Kd2 Kxc4 43. Rf6 Rd7+ 44. Kc2 Rd6 45. Rf7 Kb4 46. Rxc7 Rb6 47.
Kd3 Kxa4 48. Kc4 Rxb5 49. Rh7 Rb6 50. g3 Rc6+ 51. Kd5 Rc3 52. Rxb7 Rxg3 53. h4
gxh4 54. Rh7 Rg6 55. Rf7 h3 56. Rf4+ Kb5 57. Rf3 Rg5+ 58. Kd4 Rh5 59. Rb3+ Ka4
60. Kc4 Rh4+ 61. Kc3 h2 62. Rb2 h1=Q 63. Ra2+ Kb5 64. Rb2+ Ka6 0-1

[Event "ch-FRA Blitz Online Qual"]
[Site "Europe-Chess INT"]
[Date "2020.05.16"]
[Round "2"]
[White "Lauferon, Augustin"]
[Black "Hejazipour, Mitra"]
[Result "0-1"]
[BlackTitle "WGM"]
[WhiteElo "1865"]
[BlackElo "2300"]
[WhiteFideId "20655177"]
[BlackFideId "12505951"]
[EventDate "2020.05.16"]

1. e4 c5 2. Nf3 e6 3. c4 a6 4. Nc3 d6 5. d4 cxd4 6. Nxd4 Nf6 7. Be2 Be7 8. O-O
O-O 9. Be3 b6 10. f3 Bb7 11. Qd2 Nbd7 12. Rac1 Rc8 13. b3 Qc7 14. Rfd1 Rfd8 15.
Nc2 Nc5 16. Nd4 Qb8 17. b4 Ncd7 18. Na4 g6 19. a3 Ba8 20. Nb3 Bc6 21. Nb2 Ne5
22. Nd4 Ba8 23. Qe1 Nfd7 24. Qc3 b5 25. Qb3 bxc4 26. Nxc4 Nxc4 27. Bxc4 Nf8 28.
Bxa6 Rxc1 29. Rxc1 d5 30. exd5 Bxd5 31. Bc4 Qa8 32. Bxd5 Rxd5 33. Rc7 Bf6 34.
Ne2 Qd8 35. Kf2 Qxc7 36. Nf4 Rd8 37. a4 Qc3 38. Qxc3 Bxc3 39. b5 Ra8 40. b6 Rxa4
41. Nd3 Nd7 42. Nc5 Nxc5 43. Bxc5 Bd4+ 44. Bxd4 Rxd4 0-1

[Event "ch-FRA Blitz Online Qual"]
[Site "Europe-Chess INT"]
[Date "2020.05.16"]
[Round "2"]
[White "Tokhirjonova, Gulrukhbegim"]
[Black "Rahnama, Matin"]
[Result "1-0"]
[WhiteTitle "WGM"]
[WhiteElo "2378"]
[BlackElo "1754"]
[WhiteFideId "14203626"]
[BlackFideId "45146039"]
[EventDate "2020.05.16"]

1. Nf3 Nf6 2. d4 d5 3. g3 g6 4. Bg2 Bg7 5. O-O O-O 6. c4 c6 7. Qb3 Qb6 8. c5 Qc7
9. Bf4 Qa5 10. Nc3 Na6 11. a3 Nc7 12. Rfe1 Ne6 13. Bd2 Qc7 14. Rad1 Ne4 15. Be3
b6 16. cxb6 axb6 17. Nxe4 dxe4 18. Nd2 c5 19. dxc5 Nxc5 20. Bxc5 bxc5 21. Nxe4
Rb8 22. Qc4 Rxb2 23. Qxc5 Qxc5 24. Nxc5 Ra2 25. a4 Bg4 26. Bf3 Bxf3 27. exf3 e6
28. Re4 Rc8 29. Nd3 Ra8 30. Nc5 Ra5 31. Rd8+ Bf8 32. Nd7 Rd5 33. Nf6+ Kg7 34.
Nxd5 exd5 35. Rxd5 h5 36. h4 Kf6 37. a5 Ba3 38. Ra4 Ke6 39. Rd3 Ra1+ 40. Kg2 Bb2
41. Rxa1 Bxa1 42. a6 1-0

[Event "ch-FRA Blitz Online Qual"]
[Site "Europe-Chess INT"]
[Date "2020.05.16"]
[Round "2"]
[White "Vallee, Louis"]
[Black "Song, Julien"]
[Result "0-1"]
[BlackTitle "IM"]
[WhiteElo "1864"]
[BlackElo "2306"]
[WhiteFideId "45103291"]
[BlackFideId "659487"]
[EventDate "2020.05.16"]

1. d4 Nf6 2. c4 e6 3. a3 c5 4. e3 b6 5. Nc3 cxd4 6. exd4 d5 7. Nf3 Bb7 8. Bf4
Be7 9. b4 dxc4 10. Bxc4 O-O 11. O-O Nbd7 12. Rc1 Rc8 13. Bb3 Re8 14. d5 Rxc3 15.
Rxc3 Nxd5 16. Bxd5 Bxd5 17. Qc2 Nf8 18. Rd1 Ng6 19. Bg3 Qa8 20. h3 h6 21. Qe2
Bf6 22. Rc7 a5 23. b5 Be7 24. a4 Bc5 25. Rd7 Nf8 26. Rc7 Ng6 27. Rc1 Rc8 28.
Rxc8+ Qxc8 29. Ne5 Nxe5 30. Qxe5 Bxf2+ 31. Kxf2 Qxc1 32. Qb8+ Kh7 33. Qxb6 Qc2+
34. Ke1 Qxg2 35. Bf2 Qe4+ 36. Kd1 Qxa4+ 37. Ke2 Bc4+ 38. Kf3 Qxb5 39. Qd6 Qf5+
40. Kg2 Bd5+ 41. Kg1 a4 42. Qa3 Qe4 43. Kf1 Bc4+ 44. Kg1 Bb3 45. Kf1 Qc4+ 46.
Kg1 Qd3 47. Qf8 Qxh3 48. Qxf7 Bd5 49. Bd4 Qg2# 0-1

[Event "ch-FRA Blitz Online Qual"]
[Site "Europe-Chess INT"]
[Date "2020.05.16"]
[Round "2"]
[White "Ternault, Mathieu"]
[Black "Dijoux, Julien"]
[Result "1-0"]
[WhiteTitle "FM"]
[WhiteElo "2363"]
[BlackElo "1862"]
[WhiteFideId "20641532"]
[BlackFideId "666483"]
[EventDate "2020.05.16"]

1. Nf3 Nf6 2. c4 e6 3. Nc3 b6 4. b3 Bb7 5. Bb2 Be7 6. e3 d5 7. g3 c5 8. Bg2 O-O
9. O-O a6 10. cxd5 Nxd5 11. d4 Nd7 12. Qe2 Nxc3 13. Bxc3 Bf6 14. Rac1 Qe7 15.
Rfd1 Rfd8 16. e4 g6 17. h4 h6 18. Re1 Re8 19. Qd2 Bg7 20. d5 exd5 21. exd5 Qd6
22. Rcd1 Rxe1+ 23. Nxe1 Re8 24. Nd3 Kh7 25. Nf4 Ne5 26. Qb2 f6 27. h5 g5 28. Ne6
Bc8 29. Qc2+ Kh8 30. Nxg7 Kxg7 31. f4 gxf4 32. gxf4 Nf7 33. Qg6+ Kf8 34. Bxf6
Re2 35. Qg7+ Ke8 36. Qg8+ Qf8 37. Qxf8+ Kxf8 38. d6 Bd7 39. Bf1 Rxa2 40. Bc4 Rc2
41. Be7+ Ke8 42. Re1 1-0

[Event "ch-FRA Blitz Online Qual"]
[Site "Europe-Chess INT"]
[Date "2020.05.16"]
[Round "2"]
[White "Rousseau, Matthieu"]
[Black "Razafindratsima, Timothe"]
[Result "0-1"]
[BlackTitle "FM"]
[WhiteElo "1862"]
[BlackElo "2336"]
[WhiteFideId "26049724"]
[BlackFideId "36069884"]
[EventDate "2020.05.16"]

1. d4 Nf6 2. Bf4 g6 3. Nf3 Bg7 4. e3 O-O 5. Bd3 d5 6. O-O c5 7. c3 Nc6 8. Nbd2
Nd7 9. Re1 e5 10. dxe5 Ndxe5 11. Nxe5 Nxe5 12. Nf3 Nxd3 13. Qxd3 Bf5 14. Qd2 Qd7
15. Ne5 Qe6 16. Nd3 b6 17. Bg3 Rad8 18. Rad1 Qc6 19. Ne5 Qb7 20. Qe2 Rfe8 21.
Nf3 d4 22. cxd4 cxd4 23. Qb5 d3 24. Nd4 a6 25. Qb3 d2 26. Rf1 Bxd4 27. exd4 Rxd4
28. Qc3 Qd7 29. h3 Rc8 30. Qf3 Bc2 31. Kh2 Bxd1 32. Rxd1 Qf5 33. Qb7 Rc1 34.
Qb8+ Qc8 35. Qxc8+ Rxc8 36. Be5 Rc1 37. Bxd4 Rxd1 38. Bc3 b5 39. Kg3 Rb1 40.
Bxd2 Rxb2 41. Be3 Rxa2 42. Kf4 b4 43. Ke4 a5 44. Kd3 a4 45. Kc4 b3 46. Kc3 Rc2+
47. Kb4 b2 48. Kxa4 b1=Q 49. Bc5 Rxc5 50. f4 Rc8 51. g4 Ra8# 0-1

[Event "ch-FRA Blitz Online Qual"]
[Site "Europe-Chess INT"]
[Date "2020.05.16"]
[Round "2"]
[White "Le Huec, Marc"]
[Black "Azymah, Remy"]
[Result "1-0"]
[WhiteElo "2213"]
[BlackElo "1934"]
[WhiteFideId "624829"]
[BlackFideId "26014300"]
[EventDate "2020.05.16"]

1. d4 Nf6 2. c4 g6 3. Nc3 Bg7 4. e4 d6 5. Be2 O-O 6. f4 Na6 7. Nf3 e5 8. fxe5
dxe5 9. Nxe5 c5 10. Be3 Qe7 11. O-O Rd8 12. Nf3 Nxe4 13. Nxe4 Qxe4 14. Bg5 f6
15. Bd3 Qe7 16. Re1 Qf7 17. Be3 cxd4 18. Bxd4 Bg4 19. Bc3 Nc5 20. Re3 Nxd3 21.
Rxd3 Rac8 22. Rxd8+ Rxd8 23. Qxd8+ Bf8 24. Bb4 Bxf3 25. Qxf8+ Qxf8 26. Bxf8 Bc6
27. Bh6 1-0

[Event "ch-FRA Blitz Online Qual"]
[Site "Europe-Chess INT"]
[Date "2020.05.16"]
[Round "2"]
[White "Eden, James"]
[Black "Ragneau, Freddy"]
[Result "1-0"]
[WhiteTitle "IM"]
[WhiteElo "2330"]
[BlackElo "1859"]
[WhiteFideId "666491"]
[BlackFideId "36001228"]
[EventDate "2020.05.16"]

1. e4 Nf6 2. Nc3 d5 3. exd5 Nxd5 4. Bc4 e6 5. Nf3 Be7 6. O-O O-O 7. d4 Nxc3 8.
bxc3 c5 9. Bd3 Nc6 10. Rb1 h6 11. Re1 Qc7 12. Qe2 Bf6 13. Qe4 g6 14. Bxh6 Bg7
15. Bxg7 Kxg7 16. h4 cxd4 17. cxd4 Ne7 18. h5 f5 19. Qe3 Rh8 20. hxg6 Nxg6 21.
Qg5 Qf4 22. Qxf4 Nxf4 23. Bc4 Kf6 24. g3 1-0

[Event "ch-FRA Blitz Online Qual"]
[Site "Europe-Chess INT"]
[Date "2020.05.16"]
[Round "2"]
[White "Condat, Hugo"]
[Black "Navrotescu, Andreea-Cristiana"]
[Result "0-1"]
[BlackTitle "WIM"]
[WhiteElo "1961"]
[BlackElo "2284"]
[WhiteFideId "26027402"]
[BlackFideId "675946"]
[EventDate "2020.05.16"]

1. e4 e6 2. d3 d5 3. Nd2 Nf6 4. Ngf3 c5 5. g3 Nc6 6. Bg2 Be7 7. O-O b5 8. e5 Nd7
9. Re1 Qc7 10. Qe2 Bb7 11. h4 h6 12. Nf1 a5 13. N1h2 b4 14. Bf4 Ba6 15. Ng4 c4
16. dxc4 Bxc4 17. Qd2 a4 18. a3 bxa3 19. bxa3 Rb8 20. Nd4 Nxd4 21. Qxd4 Bc5 22.
Qd2 Qa7 23. Ne3 Ba6 24. Nxd5 exd5 25. e6 O-O 26. exd7 Rbd8 27. Be3 Rxd7 28. Bxc5
Qxc5 29. Re3 d4 30. Re4 Bb7 31. Rf4 Bxg2 32. Kxg2 Rc8 33. Rd1 Qxa3 34. Rxd4 Rxd4
35. Qxd4 Rxc2 36. Qd8+ Kh7 37. Qe8 Qa2 38. Qe4+ g6 39. Qf4 Qe6 40. h5 Qc6+ 41.
Kh2 Qe6 42. Qxa4 Rxf2+ 43. Kg1 Re2 44. hxg6+ Kxg6 45. Qf4 Qb6+ 46. Kh1 Qc6+ 47.
Kg1 Qg2# 0-1

[Event "ch-FRA Blitz Online Qual"]
[Site "Europe-Chess INT"]
[Date "2020.05.16"]
[Round "2"]
[White "Joly, Fabrice"]
[Black "Bassini, Emile"]
[Result "0-1"]
[WhiteElo "1957"]
[BlackElo "2288"]
[WhiteFideId "612235"]
[BlackFideId "26084074"]
[EventDate "2020.05.16"]

1. e4 c5 2. b4 cxb4 3. a3 d5 4. exd5 Qxd5 5. Nf3 Nf6 6. axb4 e6 7. b5 Be7 8. Be2
O-O 9. O-O b6 10. c4 Qd8 11. d4 Bb7 12. Ba3 Nbd7 13. Bxe7 Qxe7 14. Nbd2 a5 15.
bxa6 Rxa6 16. Qb3 e5 17. dxe5 Nxe5 18. Rxa6 Bxa6 19. Re1 Nxf3+ 20. Nxf3 Qc5 21.
Bf1 Ng4 22. Qb2 Bb7 23. Ne5 Qe7 24. Nf3 Qd6 25. Qd4 Qg6 26. Qd2 Bxf3 27. gxf3
Ne5+ 28. Kh1 Nxf3 29. Qe3 Qg1# 0-1

[Event "ch-FRA Blitz Online Qual"]
[Site "Europe-Chess INT"]
[Date "2020.05.16"]
[Round "2"]
[White "Doluhanova, Evgeniya"]
[Black "Bellahcene, Meriem"]
[Result "0-1"]
[WhiteTitle "WGM"]
[WhiteElo "2229"]
[BlackElo "1936"]
[WhiteFideId "14112035"]
[BlackFideId "20655347"]
[EventDate "2020.05.16"]

1. Nf3 d5 2. b3 c6 3. Bb2 Bf5 4. e3 Nf6 5. d3 Nbd7 6. Nbd2 e6 7. Ne5 Bd6 8. Ndf3
Qc7 9. Nxd7 Qxd7 10. Ne5 Qc7 11. f4 h6 12. Be2 O-O-O 13. Qd2 Rhg8 14. g4 Bh7 15.
h4 Nd7 16. Nxf7 Rdf8 17. Nxd6+ Qxd6 18. O-O-O c5 19. Kb1 Kb8 20. Rhf1 Ka8 21. g5
Bf5 22. Bf3 Rc8 23. e4 Bg6 24. exd5 exd5 25. Bg4 d4 26. Rde1 Rce8 27. Rxe8+ Rxe8
28. Re1 Rxe1+ 29. Qxe1 a6 30. a4 Nb6 31. f5 Bf7 32. g6 Bd5 33. a5 Nd7 34. Qe8+
Ka7 35. Qd8 Bc6 36. f6 Qxf6 37. Bxd7 Qxd8 0-1

[Event "ch-FRA Blitz Online Qual"]
[Site "Europe-Chess INT"]
[Date "2020.05.16"]
[Round "2"]
[White "Triton, Maxime"]
[Black "Delorme, Alban"]
[Result "1-0"]
[BlackTitle "FM"]
[WhiteElo "1843"]
[BlackElo "2322"]
[WhiteFideId "36062979"]
[BlackFideId "623636"]
[EventDate "2020.05.16"]

1. e4 c5 2. Nf3 Nc6 3. d4 cxd4 4. Nxd4 Nf6 5. Nc3 d6 6. Be3 Ng4 7. Bg5 Qb6 8.
Bb5 Bd7 9. Bxc6 bxc6 10. O-O h6 11. Bh4 g5 12. Bg3 Bg7 13. Nf5 Bxf5 14. exf5 O-O
15. Qxg4 Qxb2 16. Ne4 Qxc2 17. Rae1 Rfe8 18. f4 f6 19. fxg5 hxg5 20. h4 d5 21.
Nf2 Qc4 22. Qh5 d4 23. hxg5 fxg5 24. Qxg5 Qf7 25. Ng4 Kh8 26. Be5 Rf8 27. Nh6
Qf6 28. Bxf6 Bxf6 29. Qh5 Kg7 30. Qg6+ Kh8 31. Nf7+ Rxf7 32. Qxf7 d3 33. Rxe7
Bxe7 34. Qxe7 d2 35. f6 1-0

[Event "ch-FRA Blitz Online Qual"]
[Site "Europe-Chess INT"]
[Date "2020.05.16"]
[Round "2"]
[White "Pucher, Sebastien"]
[Black "Quartararo, Pierre"]
[Result "1-0"]
[WhiteTitle "FM"]
[WhiteElo "2322"]
[BlackElo "1909"]
[WhiteFideId "627232"]
[BlackFideId "614491"]
[EventDate "2020.05.16"]

1. b3 d6 2. Bb2 e5 3. d4 Nd7 4. Nc3 Ngf6 5. e4 Be7 6. Nf3 O-O 7. Qd2 c6 8. O-O-O
Qa5 9. Kb1 b5 10. Nd5 Qd8 11. Nxe7+ Qxe7 12. dxe5 dxe5 13. Qe3 Bb7 14. h3 c5 15.
Bxb5 Bxe4 16. Bxd7 Bxf3 17. Qxf3 Nxd7 18. Rhe1 f6 19. Qd5+ Qf7 20. Qxd7 Qg6 21.
Qg4 Qxg4 22. hxg4 c4 23. Rd7 Rfc8 24. Red1 cxb3 25. axb3 h6 26. Rb7 Rd8 27. Rdd7
Rxd7 28. Rxd7 a5 29. c4 a4 30. b4 a3 31. Bc3 a2+ 32. Ka1 Ra3 33. Bb2 Rb3 34. b5
Rb4 35. Rc7 e4 36. Kxa2 1-0

[Event "ch-FRA Blitz Online Qual"]
[Site "Europe-Chess INT"]
[Date "2020.05.16"]
[Round "2"]
[White "Barbaras, Mathieu"]
[Black "Zachary, Bastian"]
[Result "1-0"]
[WhiteElo "2200"]
[BlackElo "1923"]
[WhiteFideId "20622910"]
[BlackFideId "36019402"]
[EventDate "2020.05.16"]

1. d4 Nf6 2. Nf3 e6 3. c4 Bb4+ 4. Nbd2 O-O 5. a3 Be7 6. e4 d5 7. e5 Nfd7 8. Bd3
h6 9. Bb1 c5 10. Qc2 f5 11. cxd5 exd5 12. O-O Nc6 13. dxc5 Nxc5 14. b4 Ne4 15.
Bb2 Be6 16. Nb3 Qb6 17. Nbd4 Nxd4 18. Bxd4 Qc6 19. Qb2 Rfc8 20. Bd3 g5 21. Ne1
g4 22. f3 gxf3 23. gxf3 Ng5 24. Kh1 Kh8 25. Ng2 Nh3 26. Rac1 Qd7 27. Bxf5 Rxc1
28. Qxc1 Bg5 29. f4 Rc8 30. Qe3 1-0

[Event "ch-FRA Blitz Online Qual"]
[Site "Europe-Chess INT"]
[Date "2020.05.16"]
[Round "2"]
[White "Le Bas, Alexis"]
[Black "Bouget, Alexandre"]
[Result "0-1"]
[BlackTitle "FM"]
[WhiteElo "1889"]
[BlackElo "2238"]
[WhiteFideId "651087"]
[BlackFideId "681318"]
[EventDate "2020.05.16"]

1. d4 Nf6 2. Bf4 g6 3. e3 Bg7 4. Nf3 O-O 5. c3 d6 6. h3 Nbd7 7. Bd3 Qe8 8. Bg3
e5 9. Bc4 Kh8 10. O-O Nh5 11. Bh2 f5 12. Nbd2 f4 13. Ng5 Nb6 14. Bb3 h6 15. Nge4
g5 16. exf4 gxf4 17. dxe5 dxe5 18. f3 Qg6 19. Qe2 Bxh3 20. Bc2 Bf5 21. Rf2 Rad8
22. Rd1 Nd5 23. Nc4 b5 0-1

[Event "ch-FRA Blitz Online Qual"]
[Site "Europe-Chess INT"]
[Date "2020.05.16"]
[Round "2"]
[White "Degardin, Sylvain"]
[Black "Bellahcene, Sofia"]
[Result "1-0"]
[WhiteElo "2267"]
[BlackElo "1948"]
[WhiteFideId "20623070"]
[BlackFideId "26075954"]
[EventDate "2020.05.16"]

1. e4 c5 2. Nf3 Nc6 3. Nc3 g6 4. d4 cxd4 5. Nxd4 Bg7 6. Be3 Nf6 7. Bc4 O-O 8.
Bb3 d6 9. f3 Nd7 10. Qd2 Re8 11. h4 Nxd4 12. Bxd4 Bxd4 13. Qxd4 Qb6 14. Qd2 Ne5
15. h5 d5 16. Nxd5 Qd6 17. hxg6 Nxg6 18. O-O-O Nf8 19. Rh6 Qe5 20. Rdh1 Rd8 21.
R1h5 Rxd5 22. Bxd5 Qg7 23. g4 Bd7 24. Bb3 Rd8 25. Qh2 Be6 26. Bxe6 fxe6 27. e5
Qf7 28. f4 Qe8 29. Rh3 Qd7 30. Rd3 Qc7 31. Rxd8 Qxd8 32. Qd2 Qb6 33. Rh1 Kg7 34.
f5 exf5 35. gxf5 Qc6 36. Rg1+ Kf7 37. e6+ Ke8 38. Rd1 Qc7 39. b3 a5 40. a4 b6
41. Kb2 Qe5+ 42. Qd4 Qc7 43. Rg1 h5 44. Rg8 h4 45. Rxf8+ Kxf8 46. Qh8# 1-0